00223nam a2200097Ia 4500008004100000041000800041100001900049245002100068260001700089999001900106230508s1999 xx 000 0 und d aeng aKOCHAN STEPHEN aPROGRAMMING IN C bC.B.S.c1999 c719174d719174